000 00545nam a2200205Ia 4500
008 160319s9999 xx 000 0 und d
020 _a971-513-173-5
050 _aFIL R 724
050 _b.E84 2003 c.1
245 _aEthical issues in health care /
260 _aManila:
260 _bEducational Pub. House,
260 _c2003
300 _a265 pages :
300 _billustrations ;
300 _c24 cm.
500 _aIncludes bibliographical references.
650 _aMedical ethics.
650 _xEthics -- Medical professions.
999 _c291574
_d291574